00869nam a2200253 4500003000400000005001700004008004100021040002300062050001600085100003700101245014400138264003500282300001800317336002200335337002400357338002400381650003800405650003300443650004400476650003300520650003000553942001500583999001700598OSt20260530113916.0260508b1981 |||a|||| |||| 001 0 eng d aICIbspacICIerda aHE9803bS95 aAlvarez F., Manueleautor934046 aSymbol signs:bThe system of passenger/pedestrian oriented symbols developed for the U.S. Department of Transportation/cAlvarez F., Manuel aNew YorkbHastings Housec1981 a240 páginas 2rdacontentatexto 2rdamediaasin medio 2rdacarrieravolumen aSeñalización gráfica934047 aSímbolos gráficos934048 aSeñales de tránsito peatonal934049 aComunicación visual934050 aDiseño gráfico918020 2lccn1cBK c12279d12279